000 00545nam a2200217Ia 4500
008 230125s9999 xx 000 0 und d
020 _a81-314-1215-6
041 _aeng
082 _a658.4013
_bICM
100 _aICFAI
245 _aManagement Control Systems
_bAn Integrated Approach to Performance and Compliance
250 _a2nd Ed.
260 _c2008
_bICFAI publication
_aHyderabad
300 _a514p
440 _aICFAI
500 _aMCS
650 _aManagement
700 _aICFAI
906 _b150
999 _c87959
_d87959